[Event "Doeberl Cup Major 48th"]
[Site "Canberra"]
[Date "2010.04.02"]
[Round "2"]
[White "Bolens, Johnny"]
[Black "Tulevski, Vasil"]
[Result "1-0"]
[WhiteElo "2000"]
[BlackElo "1813"]
[PlyCount "93"]
[EventDate "2010.04.02"]
[EventType "swiss"]
[EventRounds "7"]
[EventCountry "AUS"]
[SourceTitle "EXT 2012"]
[Source "ChessBase"]
[SourceDate "2011.11.24"]
[SourceVersion "1"]
[SourceVersionDate "2011.11.24"]
[SourceQuality "1"]

1. e4 c5 2. Nf3 e6 3. c3 Nf6 4. e5 Nd5 5. Bc4 Nb6 6. Bb3 Nc6 7. 0-0 d6 8. Re1 dxe5 9. Nxe5 Nxe5 10. Rxe5 Bd6 11. Re4 Bd7 12. d4 Bc6 13. Rg4 g6 14. Qe2 h5 15. Bg5 Be7 16. Bxe7 Qxe7 17. Rg3 cxd4 18. cxd4 0-0-0 19. Nc3 Rxd4 20. Nb5 Bxb5 21. Qxb5 Rhd8 22. Rf3 Qd7 23. Qe5 Rd1+ 24. Bxd1 Qxd1+ 25. Qe1 Qd7 26. h3 Kb8 27. Qe5+ Ka8 28. Qg7 f5 29. Qxd7 Rxd7 30. Re3 Nc4 31. Rxe6 a6 32. b3 Nd2 33. f3 g5 34. Kf2 g4 35. Ke2 Nxf3 36. gxf3 g3 37. Rd1 Rc7 38. f4 Rc2+ 39. Rd2 Rc1 40. Rg6 h4 41. Kf3 Rh1 42. Rg5 Rxh3 43. Rxf5 Rh1 44. Rfd5 Rg1 45. Rd1 h3 46. Rxg1 h2 47. Rh1 1-0

[Event "AUS-ch Major"]
[Site "Cammeray"]
[Date "2010.01.13"]
[Round "11"]
[White "Wijesuriya, G Vineetha"]
[Black "Tulevski, Vasil"]
[Result "1/2-1/2"]
[WhiteElo "1654"]
[BlackElo "1799"]
[PlyCount "51"]
[EventDate "2010.01.02"]
[EventType "swiss"]
[EventRounds "11"]
[EventCountry "AUS"]
[SourceTitle "EXT 2011"]
[Source "ChessBase"]
[SourceDate "2010.11.26"]
[SourceVersion "1"]
[SourceVersionDate "2010.11.26"]
[SourceQuality "1"]

1. d4 d5 2. Nf3 Nf6 3. Bf4 e6 4. Nbd2 c5 5. c3 Nc6 6. e3 Be7 7. Ne5 Nd7 8. Nxd7 Bxd7 9. Bd3 b6 10. Nf3 Bf6 11. 0-0 0-0 12. Rc1 Qe7 13. e4 dxe4 14. Bxe4 Rac8 15. d5 exd5 16. Qxd5 Be6 17. Qd3 Rfd8 18. Qc2 h6 19. Rfe1 Qf8 20. Rcd1 Rxd1 21. Rxd1 Qe7 22. Bd6 Qb7 23. Be5 Be7 24. Bg3 Qa6 25. b3 b5 26. Bf5 1/2-1/2

[Event "AUS-ch Major"]
[Site "Cammeray"]
[Date "2010.01.12"]
[Round "10"]
[White "Tulevski, Vasil"]
[Black "Chong, Chor Yuen"]
[Result "0-1"]
[WhiteElo "1799"]
[BlackElo "2055"]
[PlyCount "170"]
[EventDate "2010.01.02"]
[EventType "swiss"]
[EventRounds "11"]
[EventCountry "AUS"]
[SourceTitle "EXT 2011"]
[Source "ChessBase"]
[SourceDate "2010.11.26"]
[SourceVersion "1"]
[SourceVersionDate "2010.11.26"]
[SourceQuality "1"]

1. d4 Nf6 2. c4 e6 3. Nc3 Bb4 4. e3 0-0 5. Bd3 d5 6. Nf3 c5 7. 0-0 dxc4 8. Bxc4 a6 9. a3 Bxc3 10. bxc3 b5 11. Bd3 Bb7 12. a4 c4 13. Bb1 Qd5 14. Ne1 Nc6 15. Qc2 Rfd8 16. e4 Qh5 17. f3 b4 18. cxb4 Nxd4 19. Qb2 c3 20. Qa2 c2 21. Bxc2 Ne2+ 22. Kf2 Nxc1 23. Rxc1 Qxh2 24. Nd3 Nh5 25. Rfd1 Qh4+ 26. Kg1 Ng3 27. Bb1 Rd6 28. Nf2 Qh6 29. Rxd6 Qxc1+ 30. Rd1 Qc3 31. Qd2 Qc7 32. Qd6 Qxd6 33. Rxd6 Ne2+ 34. Kf1 Nc3 35. Bc2 Rc8 36. Nd3 g6 37. Nc5 Bc6 38. Rd3 Na2 39. Nxa6 Bb7 40. Nc5 Nxb4 41. Nxb7 Nxc2 42. Rd8+ Rxd8 43. Nxd8 Kf8 44. a5 Nb4 45. Nb7 Ke7 46. Nc5 Kd6 47. a6 Nc6 48. Nd3 Kc7 49. Ke2 Kb6 50. Ke3 Kxa6 51. Kf4 h6 52. Nc5+ Kb6 53. Nd7+ Kc7 54. Nf6 Kd6 55. Ng4 e5+ 56. Kg3 g5 57. Ne3 Kc5 58. Kf2 Kd4 59. Nc2+ Kd3 60. Ne1+ Kd2 61. g3 Nb4 62. Ng2 Nd3+ 63. Kf1 h5 64. f4 gxf4 65. gxf4 Nxf4 66. Nh4 Ne6 67. Nf3+ Ke3 68. Nxe5 Ng5 69. Nd7 Nxe4 70. Kg2 f5 71. Ne5 Kf4 72. Nd3+ Kg5 73. Ne5 f4 74. Nf3+ Kg4 75. Ne5+ Kf5 76. Nf3 Ng5 77. Nh2 h4 78. Nf1 f3+ 79. Kf2 Kf4 80. Kg1 Ne4 81. Kh2 Ng3 82. Nd2 Ke3 83. Nc4+ Ke2 84. Nd2 Kxd2 85. Kg1 Ke2 0-1

[Event "AUS-ch Major"]
[Site "Cammeray"]
[Date "2010.01.11"]
[Round "9"]
[White "Smirnov, Anton"]
[Black "Tulevski, Vasil"]
[Result "1/2-1/2"]
[WhiteElo "1713"]
[BlackElo "1799"]
[PlyCount "91"]
[EventDate "2010.01.02"]
[EventType "swiss"]
[EventRounds "11"]
[EventCountry "AUS"]
[SourceTitle "EXT 2011"]
[Source "ChessBase"]
[SourceDate "2010.11.26"]
[SourceVersion "1"]
[SourceVersionDate "2010.11.26"]
[SourceQuality "1"]

1. e4 c5 2. Nf3 e6 3. d4 cxd4 4. Nxd4 Nf6 5. f3 Qb6 6. Be2 Bc5 7. c3 e5 8. Nb3 Bf2+ 9. Kf1 Bc5 10. Nxc5 Qxc5 11. Qd3 d5 12. Be3 Qc6 13. Nd2 dxe4 14. Nxe4 Nxe4 15. Qxe4 Qxe4 16. fxe4 0-0 17. Kf2 Be6 18. Rhd1 Nd7 19. a3 Nf6 20. Bf3 b6 21. h3 Bb3 22. Rd2 h6 23. a4 Rfd8 24. Rxd8+ Rxd8 25. a5 Bc4 26. axb6 axb6 27. Ra4 b5 28. Ra7 Bd3 29. Re7 Re8 30. Rxe8+ Nxe8 31. Bc5 g6 32. Ke3 Bc4 33. Bg4 f6 34. Bd7 Ng7 35. b3 Bxb3 36. Bxb5 Ne6 37. Bb6 Nf4 38. c4 Nxg2+ 39. Kf3 Nf4 40. c5 Be6 41. Ba6 Bd7 42. Bb7 Bxh3 43. c6 Ne6 44. Ba6 Kf7 45. c7 Nxc7 46. Bxc7 1/2-1/2

[Event "AUS-ch Major"]
[Site "Cammeray"]
[Date "2010.01.10"]
[Round "8"]
[White "Tulevski, Vasil"]
[Black "Bennett, Calvin"]
[Result "1-0"]
[WhiteElo "1799"]
[BlackElo "1588"]
[PlyCount "37"]
[EventDate "2010.01.02"]
[EventType "swiss"]
[EventRounds "11"]
[EventCountry "AUS"]
[SourceTitle "EXT 2011"]
[Source "ChessBase"]
[SourceDate "2010.11.26"]
[SourceVersion "1"]
[SourceVersionDate "2010.11.26"]
[SourceQuality "1"]

1. d4 Nf6 2. c4 e6 3. Nc3 b6 4. e4 Bb7 5. f3 Be7 6. e5 Nh5 7. g4 Bh4+ 8. Ke2 g5 9. gxh5 g4 10. d5 d6 11. fxg4 Nd7 12. Nf3 Nxe5 13. Nxe5 dxe5 14. Bg2 Qd6 15. Qd3 0-0-0 16. Qe4 Kb8 17. g5 Bxg5 18. Bxg5 Rdg8 19. Bf6 1-0

[Event "AUS-ch Major"]
[Site "Cammeray"]
[Date "2010.01.09"]
[Round "7"]
[White "Furst, Andrew"]
[Black "Tulevski, Vasil"]
[Result "1-0"]
[WhiteElo "2010"]
[BlackElo "1799"]
[PlyCount "67"]
[EventDate "2010.01.02"]
[EventType "swiss"]
[EventRounds "11"]
[EventCountry "AUS"]
[SourceTitle "EXT 2011"]
[Source "ChessBase"]
[SourceDate "2010.11.26"]
[SourceVersion "1"]
[SourceVersionDate "2010.11.26"]
[SourceQuality "1"]

1. d4 d5 2. Nf3 Nf6 3. c4 e6 4. e3 c5 5. Nc3 cxd4 6. exd4 Nc6 7. Bd3 a6 8. 0-0 dxc4 9. Bxc4 b5 10. Bb3 Be7 11. d5 exd5 12. Nxd5 Nxd5 13. Bxd5 Bb7 14. Qb3 0-0 15. Rd1 Qc7 16. Bd2 Nd8 17. Rac1 Qd7 18. Ba5 Bxd5 19. Rxd5 Qg4 20. h3 Qf4 21. Bd2 Qb8 22. Ne5 Ra7 23. Nd7 Rxd7 24. Rxd7 Bd6 25. Qd5 Bh2+ 26. Kh1 Ne6 27. Rb7 Qe5 28. Qxe5 Bxe5 29. Bc3 Bf4 30. Rd1 Nc5 31. Rb6 Ne4 32. Be1 Ra8 33. Rxa6 Rb8 34. Rb6 1-0

[Event "AUS-ch Major"]
[Site "Parramatta"]
[Date "2008.01.04"]
[Round "4"]
[White "Tulevski, Vasil"]
[Black "Jule, Alexandra"]
[Result "1/2-1/2"]
[WhiteElo "1837"]
[BlackElo "1740"]
[PlyCount "51"]
[EventDate "2008.01.02"]
[EventType "swiss"]
[EventRounds "11"]
[EventCountry "AUS"]
[SourceTitle "EXT 2010"]
[Source "ChessBase"]
[SourceDate "2010.11.25"]
[SourceVersion "1"]
[SourceVersionDate "2010.11.25"]
[SourceQuality "1"]

1. d4 d5 2. c4 c6 3. cxd5 cxd5 4. Nc3 e6 5. Bf4 Nc6 6. e3 Nf6 7. Nf3 Bd6 8. Ne5 0-0 9. Bd3 Bxe5 10. dxe5 Nd7 11. Qh5 g6 12. Qh6 Ndxe5 13. Bc2 Ng4 14. Qg5 Qxg5 15. Bxg5 Bd7 16. h3 Nge5 17. Bf6 Rac8 18. 0-0-0 a6 19. Bb3 b5 20. Kb1 Rc7 21. e4 dxe4 22. Nxe4 Nc4 23. Bc3 Rd8 24. Nf6+ Kf8 25. Nxh7+ Kg8 26. Nf6+ 1/2-1/2

[Event "Sydney op"]
[Site "Parramatta"]
[Date "2007.04.14"]
[Round "8"]
[White "Tulevski, Vasil"]
[Black "Evans, David A"]
[Result "1-0"]
[WhiteElo "2001"]
[BlackElo "1587"]
[PlyCount "63"]
[EventDate "2007.04.10"]
[EventType "swiss"]
[EventRounds "9"]
[EventCountry "AUS"]
[SourceTitle "EXT 2023"]
[Source "ChessBase"]
[SourceDate "2022.10.05"]
[SourceVersion "1"]
[SourceVersionDate "2022.10.05"]
[SourceQuality "1"]

1. d4 Nf6 2. c4 g6 3. Nc3 Bg7 4. e4 d6 5. Bd3 0-0 6. h3 c5 7. d5 e6 8. Nge2 exd5 9. cxd5 Nbd7 10. Be3 Ne5 11. Bc2 Nc4 12. Bc1 a6 13. b3 Ne5 14. a4 Ne8 15. f4 Nf3+ 16. gxf3 Bxc3+ 17. Nxc3 Qh4+ 18. Ke2 Ng7 19. Qe1 Qf6 20. f5 Re8 21. fxg6 fxg6 22. Be3 Nh5 23. Kd2 Qxf3 24. Qf2 Rf8 25. Qxf3 Rxf3 26. Bd1 Rxh3 27. Bxh5 Rxh5 28. Rxh5 gxh5 29. Bf4 Bg4 30. Bxd6 Rc8 31. Rf1 h4 32. e5 1-0

[Event "Sydney op"]
[Site "Parramatta"]
[Date "2007.04.13"]
[Round "7"]
[White "Smith, Vivian J"]
[Black "Tulevski, Vasil"]
[Result "1-0"]
[WhiteElo "1742"]
[BlackElo "2001"]
[PlyCount "109"]
[EventDate "2007.04.10"]
[EventType "swiss"]
[EventRounds "9"]
[EventCountry "AUS"]
[SourceTitle "EXT 2023"]
[Source "ChessBase"]
[SourceDate "2022.10.05"]
[SourceVersion "1"]
[SourceVersionDate "2022.10.05"]
[SourceQuality "1"]

1. e4 c5 2. Nc3 Nc6 3. f4 g6 4. Nf3 Bg7 5. Bc4 e6 6. 0-0 Nge7 7. d3 Na5 8. Bb3 d5 9. Ba4+ Nac6 10. Qe1 0-0 11. Bxc6 Nxc6 12. e5 Ne7 13. Ne2 b6 14. c3 Ba6 15. Qd1 Nf5 16. g4 Ne7 17. Ng3 Nc6 18. Re1 Qc7 19. g5 Rac8 20. h4 h5 21. gxh6 Bxh6 22. h5 Ne7 23. Re2 Nf5 24. Rg2 Kh7 25. hxg6+ fxg6 26. Nxf5 exf5 27. d4 Qe7 28. Be3 Rg8 29. Qd2 Kg7 30. Kf2 Qf7 31. Rag1 Kf8 32. Rh2 Bg7 33. Ng5 Qe8 34. dxc5 Qc6 35. Rd1 Rd8 36. b4 Rh8 37. Rxh8+ Bxh8 38. Rh1 Bg7 39. Bd4 bxc5 40. Bxc5+ Ke8 41. Bd4 Bc8 42. Rh7 Bf8 43. Rxa7 Qb5 44. a4 Qc4 45. Qe2 Qb3 46. b5 Rd7 47. Ra8 Rc7 48. b6 Rc4 49. Nh7 Bb4 50. b7 Be7 51. bxc8Q+ Rxc8 52. Rxc8+ Kd7 53. Ra8 Bh4+ 54. Kf3 Qb1 55. Qb5+ 1-0

[Event "Sydney op"]
[Site "Parramatta"]
[Date "2007.04.12"]
[Round "4"]
[White "Tulevski, Vasil"]
[Black "Cvetkoski, Tode"]
[Result "1-0"]
[WhiteElo "2001"]
[BlackElo "1705"]
[PlyCount "105"]
[EventDate "2007.04.10"]
[EventType "swiss"]
[EventRounds "9"]
[EventCountry "AUS"]
[SourceTitle "EXT 2023"]
[Source "ChessBase"]
[SourceDate "2022.10.05"]
[SourceVersion "1"]
[SourceVersionDate "2022.10.05"]
[SourceQuality "1"]

1. d4 Nf6 2. c4 e6 3. Nc3 h6 4. e4 b6 5. e5 Nh7 6. Qg4 Bb7 7. h4 d6 8. Be3 Nc6 9. 0-0-0 Qd7 10. Bd3 0-0-0 11. f4 g6 12. h5 Ne7 13. Nf3 Kb8 14. Rd2 Rg8 15. Rhd1 f5 16. Qh4 d5 17. Kb1 Qe8 18. hxg6 Rxg6 19. Qf2 Rg4 20. Nh2 Rg8 21. c5 Nc6 22. cxb6 cxb6 23. g4 Qf7 24. gxf5 exf5 25. a3 Be7 26. Nf3 Nf8 27. Rh1 Rh8 28. Nh4 Bc8 29. Rc2 Kb7 30. Rcc1 Ng6 31. Nxg6 Qxg6 32. Rh3 Be6 33. Rch1 Rdg8 34. Qc2 Bf8 35. Rh5 Qf7 36. Bxf5 Rg3 37. Bxe6 Qxe6 38. f5 Qd7 39. Qf2 Rhg8 40. R5h2 Na5 41. Bxh6 Bxh6 42. Rxh6 Nc4 43. Rh7 R8g7 44. Rxg7 Qxg7 45. Rh2 Qg5 46. Ka2 Rd3 47. Qc2 Rxd4 48. e6 Ne3 49. Rh7+ Ka6 50. Qe2+ Nc4 51. e7 Qc1 52. e8Q Rd2 53. Qb5# 1-0

[Event "Sydney op"]
[Site "Parramatta"]
[Date "2007.04.11"]
[Round "3"]
[White "Ly, Moulthun"]
[Black "Tulevski, Vasil"]
[Result "1-0"]
[WhiteElo "2307"]
[BlackElo "2001"]
[PlyCount "65"]
[EventDate "2007.04.10"]
[EventType "swiss"]
[EventRounds "9"]
[EventCountry "AUS"]
[SourceTitle "CBM 117 Extra"]
[Source "ChessBase"]
[SourceDate "2007.05.09"]
[SourceVersion "1"]
[SourceVersionDate "2007.05.09"]
[SourceQuality "1"]

1. e4 c5 2. Nf3 e6 3. d4 cxd4 4. Nxd4 a6 5. Bd3 Bc5 6. Nb3 Be7 7. 0-0 d6 8. Qe2 Nf6 9. Nc3 Nc6 10. f4 0-0 11. Bd2 Qc7 12. Rae1 Nd7 13. Kh1 Bf6 14. Nd1 g6 15. c3 b6 16. Ne3 Bg7 17. Qf2 Nc5 18. Nxc5 dxc5 19. e5 Ne7 20. Ng4 h5 21. Nf6+ Bxf6 22. exf6 Nd5 23. Be4 Bb7 24. Qh4 Rfb8 25. c4 Nb4 26. Qg5 Qd8 27. Bxg6 Kf8 28. Bxf7 Bxg2+ 29. Qxg2 Qxf6 30. Bxe6 Nd3 31. Qg8+ Ke7 32. Qh7+ Kd6 33. Qd7# 1-0

[Event "AUS-ch Major"]
[Site "Brisbane"]
[Date "2005.12.30"]
[Round "3"]
[White "Tulevski, Vasil"]
[Black "Brockman, Roland"]
[Result "1-0"]
[WhiteElo "2021"]
[BlackElo "1842"]
[PlyCount "165"]
[EventDate "2005.12.28"]
[EventType "swiss"]
[EventRounds "11"]
[EventCountry "AUS"]
[SourceTitle "CBM 110 Extra"]
[Source "ChessBase"]
[SourceDate "2006.03.10"]
[SourceVersion "2"]
[SourceVersionDate "2006.03.10"]
[SourceQuality "1"]

1. d4 d5 2. c4 e6 3. cxd5 exd5 4. Bf4 Nf6 5. Nc3 Be7 6. Qc2 Nc6 7. e3 Nb4 8. Qb3 Bf5 9. Rc1 Bd3 10. Nb5 Bxb5 11. Bxb5+ c6 12. Be2 Qa5 13. Kf1 Qxa2 14. Qxa2 Nxa2 15. Ra1 Nb4 16. Be5 0-0 17. h4 Ne4 18. Rd1 Bd6 19. Bxd6 Nxd6 20. Nf3 f5 21. g3 Ne4 22. Ne5 Rae8 23. Kg2 Re7 24. Ra1 c5 25. Rxa7 cxd4 26. exd4 Nc2 27. Rd1 g6 28. f4 Ne3+ 29. Kf3 Nxd1 30. Bxd1 Rc8 31. Ba4 Nd2+ 32. Kg2 Nc4 33. Bb3 Nxe5 34. fxe5 Rd8 35. Ra5 Red7 36. Kf3 Kf7 37. Kf4 Ke6 38. Rb5 Rc8 39. Ba4 Rdc7 40. Rb6+ Ke7 41. Bb3 Ra8 42. Bxd5 Ra4 43. b4 Ra6 44. Rb5 b6 45. Bg8 Kd8 46. Kg5 Rd7 47. d5 Rg7 48. Be6 Rb7 49. d6 Ra3 50. Bd5 Rxg3+ 51. Kf6 Rb8 52. e6 Rd3 53. Kf7 f4 54. d7 f3 55. Bc6 Re3 56. h5 f2 57. Bg2 f1Q+ 58. Bxf1 Rf3+ 59. Kg7 Rxf1 60. h6 Re1 61. Kf7 Rf1+ 62. Kg7 Ke7 63. Kxh7 Kxe6 64. Rxb6+ Rxb6 65. d8Q Rb7+ 66. Kg8 Rff7 67. Qc8+ Kf6 68. Qd8+ Kf5 69. Qd5+ Kf6 70. Qd8+ Kf5 71. Qd5+ Kf6 72. Qd8+ Kf5 73. b5 g5 74. b6 Kg6 75. Qd6+ Rf6 76. Qh2 Re7 77. Qb8 Kxh6 78. b7 Kg6 79. Qc8 Rff7 80. Qc2+ Kf6 81. b8Q Rg7+ 82. Kh8 Ref7 83. Qbb2+ 1-0

[Event "Australian op"]
[Site "Mount Buller"]
[Date "2005.01.07"]
[Round "9"]
[White "Tulevski, Vasil"]
[Black "Holt, Kenneth P"]
[Result "0-1"]
[WhiteElo "2056"]
[BlackElo "1886"]
[PlyCount "86"]
[EventDate "2004.12.28"]
[EventType "swiss"]
[EventRounds "11"]
[EventCountry "AUS"]
[SourceTitle "CBM 104 Extra"]
[Source "ChessBase"]
[SourceDate "2005.03.01"]
[SourceVersion "1"]
[SourceVersionDate "2005.03.01"]
[SourceQuality "1"]

1. d4 d5 2. c4 c6 3. Nf3 Nf6 4. Nc3 dxc4 5. e4 b5 6. Bg5 g6 7. a4 b4 8. e5 bxc3 9. exf6 cxb2 10. Rb1 Qa5+ 11. Bd2 c3 12. Bc4 cxd2+ 13. Nxd2 Bh6 14. Rxb2 0-0 15. 0-0 exf6 16. Ne4 Nd7 17. Nd6 Ba6 18. Nb7 Bxb7 19. Rxb7 Nb6 20. Bb3 Rae8 21. Qc2 Re1 22. Rc7 Nd5 23. Rxc6 Rxf1+ 24. Kxf1 Nb4 25. Rc5 Nxc2 26. Rxa5 Nxd4 27. Bd5 Rc8 28. g3 Rc7 29. Ra6 f5 30. Rd6 Ne6 31. f4 Bf8 32. Ra6 Bb4 33. Kg2 Kf8 34. Rc6 Rxc6 35. Bxc6 Ke7 36. h4 Nd4 37. Bd5 Ne6 38. Bc6 Nc5 39. Kf3 Be1 40. g4 fxg4+ 41. Kxg4 h5+ 42. Kg5 Ne6+ 43. Kh6 Nxf4 0-1

[Event "Doeberl Cup 42nd"]
[Site "Canberra"]
[Date "2004.04.10"]
[Round "3"]
[White "Silver, Dmitri"]
[Black "Tulevski, Vasil"]
[Result "1-0"]
[WhiteElo "2075"]
[BlackElo "1861"]
[PlyCount "84"]
[EventDate "2004.04.09"]
[EventType "swiss"]
[EventRounds "7"]
[EventCountry "AUS"]
[SourceTitle "EXT 2005"]
[Source "ChessBase"]
[SourceDate "2004.11.15"]
[SourceVersion "1"]
[SourceVersionDate "2004.11.15"]
[SourceQuality "1"]

1. e4 c5 2. Nf3 e6 3. d4 cxd4 4. Nxd4 Nf6 5. Nc3 Nc6 6. Nxc6 bxc6 7. Bd3 Qc7 8. 0-0 d5 9. exd5 exd5 10. Re1+ Be7 11. Qe2 Kf8 12. Bg5 Bg4 13. Qd2 Re8 14. h3 Be6 15. Bh6 Ng8 16. Bg5 Bf6 17. Bf4 Qd7 18. Na4 Be7 19. b4 Bd6 20. Nc5 Qe7 21. Bxd6 Qxd6 22. Rad1 Nf6 23. f4 Bd7 24. g4 h6 25. Qf2 Rxe1+ 26. Rxe1 g5 27. fxg5 hxg5 28. Qxf6 Qg3+ 29. Kf1 Qxh3+ 30. Ke2 Qxg4+ 31. Kd2 Qxb4+ 32. Qc3 Qf4+ 33. Kd1 Bg4+ 34. Be2 Rh3 35. Nd3 Bxe2+ 36. Rxe2 Rh1+ 37. Ne1 Qa4 38. Qe5 Qb5 39. Qe7+ Kg7 40. Qxg5+ Kf8 41. Qd8+ Kg7 42. Rg2+ Kh7 1-0

[Event "Doeberl Cup 42nd"]
[Site "Canberra"]
[Date "2004.04.09"]
[Round "1"]
[White "Hacche, David"]
[Black "Tulevski, Vasil"]
[Result "1-0"]
[WhiteElo "2190"]
[BlackElo "1861"]
[PlyCount "43"]
[EventDate "2004.04.09"]
[EventType "swiss"]
[EventRounds "7"]
[EventCountry "AUS"]
[SourceTitle "EXT 2005"]
[Source "ChessBase"]
[SourceDate "2004.11.15"]
[SourceVersion "1"]
[SourceVersionDate "2004.11.15"]
[SourceQuality "1"]

1. c4 Nf6 2. Nf3 e6 3. g3 c5 4. Bg2 Nc6 5. 0-0 Be7 6. Nc3 a6 7. d4 cxd4 8. Nxd4 0-0 9. Nc2 Qc7 10. Bf4 d6 11. Rc1 Rd8 12. b4 Ne5 13. Ne3 Nxc4 14. Nxc4 Qxc4 15. Nd5 Qxa2 16. Nxe7+ Kf8 17. Nxc8 Raxc8 18. Rxc8 Rxc8 19. Qxd6+ Kg8 20. Bxb7 Re8 21. Bxa6 Nd5 22. Bd3 1-0

[Event "AUS-ch reserves"]
[Site "Adelaide"]
[Date "2004.01.03"]
[Round "5.44"]
[White "Thorne, Richard"]
[Black "Tulevski, Vasil"]
[Result "0-1"]
[WhiteElo "1562"]
[BlackElo "1871"]
[PlyCount "84"]
[EventDate "2003.12.??"]
[EventType "swiss"]
[EventRounds "11"]
[EventCountry "AUS"]
[SourceTitle "EXT 2005"]
[Source "ChessBase"]
[SourceDate "2004.11.15"]
[SourceVersion "1"]
[SourceVersionDate "2004.11.15"]
[SourceQuality "1"]

1. d4 d5 2. Nf3 Nf6 3. Bg5 e6 4. e3 Be7 5. Bd3 Nbd7 6. Nbd2 c5 7. c3 0-0 8. 0-0 Re8 9. Ne5 Nxe5 10. dxe5 Nd7 11. Bxe7 Qxe7 12. f4 f6 13. Nf3 f5 14. g3 a6 15. Ng5 h6 16. Nf3 Qd8 17. Nh4 Qb6 18. Qd2 Qc6 19. Qe2 b5 20. g4 fxg4 21. Qxg4 Nf8 22. Kf2 Ra7 23. Ng6 Nh7 24. Rg1 Qd7 25. Ke2 d4 26. Rad1 c4 27. Be4 d3+ 28. Kd2 Bb7 29. Bxb7 Rxb7 30. e4 b4 31. Rb1 Qa4 32. cxb4 Qc2+ 33. Ke3 d2 34. Rbd1 Rd7 35. f5 exf5 36. exf5 Ng5 37. h4 Qd3+ 38. Kf2 Rd4 39. Qh5 Qxf5+ 40. Ke2 Re4+ 41. Kxd2 Nf3+ 42. Kc1 Qxh5 0-1

[Event "AUS-ch reserves"]
[Site "Melbourne"]
[Date "2002.01.03"]
[Round "6"]
[White "Kimura, Toshi"]
[Black "Tulevski, Vasil"]
[Result "1-0"]
[WhiteElo "1567"]
[BlackElo "1815"]
[PlyCount "120"]
[EventDate "2001.12.28"]
[EventType "swiss"]
[EventRounds "11"]
[EventCountry "AUS"]
[SourceTitle "EXT 2003"]
[Source "ChessBase"]
[SourceDate "2002.11.25"]
[SourceVersion "1"]
[SourceVersionDate "2002.11.25"]
[SourceQuality "1"]

1. e4 c5 2. Nf3 e6 3. d3 Nc6 4. Nbd2 g6 5. g3 Bg7 6. Bg2 Nge7 7. 0-0 0-0 8. c3 Rb8 9. Re1 b5 10. Nf1 a5 11. h4 h6 12. N1h2 d6 13. Bd2 e5 14. Qc1 Kh7 15. Rf1 Be6 16. Ne1 Qd7 17. Nc2 Bh3 18. Ne3 Bxg2 19. Kxg2 f5 20. Nc2 Rf7 21. Nf3 Rbf8 22. Nce1 fxe4 23. dxe4 Qg4 24. Qd1 Qxe4 25. Rh1 Qf5 26. h5 e4 27. hxg6+ Nxg6 28. Ng5+ Kg8 29. Nxf7 Rxf7 30. Be3 Be5 31. Qh5 Qf6 32. Qxh6 Nce7 33. Qg5 Qe6 34. Rh6 Rg7 35. Qh5 Nf5 36. Qh3 Qf6 37. Rh5 Nxe3+ 38. fxe3 Rf7 39. Kh1 Qf2 40. Ng2 Rf3 41. Rg5 Kg7 42. Rxg6+ Kxg6 43. Nh4+ Kf6 44. Nxf3 Qxf3+ 45. Qg2 Qxe3 46. Rf1+ Ke6 47. Kh2 d5 48. Qf2 Qh6+ 49. Kg2 d4 50. cxd4 cxd4 51. Qf5+ Kd5 52. Qd7+ Kc5 53. Qa7+ Kb4 54. a3+ Ka4 55. b3+ Kxb3 56. Qxa5 Qc6 57. Qb4+ Kc2 58. Qb1+ Kd2 59. Rf2+ Ke3 60. Qe1+ Kd3 1-0

[Event "AUS-ch reserves"]
[Site "Melbourne"]
[Date "2001.12.30"]
[Round "3"]
[White "Tulevski, Vasil"]
[Black "Lip, Michael"]
[Result "1-0"]
[WhiteElo "1815"]
[BlackElo "1960"]
[PlyCount "77"]
[EventDate "2001.12.28"]
[EventType "swiss"]
[EventRounds "11"]
[EventCountry "AUS"]
[SourceTitle "EXT 2003"]
[Source "ChessBase"]
[SourceDate "2002.11.25"]
[SourceVersion "1"]
[SourceVersionDate "2002.11.25"]
[SourceQuality "1"]

1. d4 d5 2. c4 e6 3. cxd5 exd5 4. Nc3 c6 5. Qc2 g6 6. Bf4 Bg7 7. e3 h5 8. Rc1 Bf5 9. Bd3 Ne7 10. Nge2 0-0 11. 0-0 Nd7 12. Bd6 Bxd3 13. Qxd3 Re8 14. h3 Nf5 15. Bh2 Nf6 16. Ng3 Nd6 17. b3 Bh6 18. Nge2 Kg7 19. Be5 Qe7 20. Na4 Kh7 21. Ng3 h4 22. Ne2 Nd7 23. Bh2 Nf6 24. Nc5 Nf5 25. Kh1 Nh5 26. Qc3 Qg5 27. Nxb7 Nhg3+ 28. fxg3 hxg3 29. Bg1 Qh5 30. Nf4 Bxf4 31. Rxf4 Kg7 32. Qe1 Re7 33. Na5 Rh8 34. Nxc6 Re6 35. Ne5 Rf6 36. Qd1 Qh7 37. Qg4 Qg8 38. Nd7 Rh4 39. Qg5 1-0

[Event "Doeberl Cup Major 39th"]
[Site "Canberra"]
[Date "2001.04.14"]
[Round "3.2"]
[White "Winter, George"]
[Black "Tulevski, Vasil"]
[Result "1-0"]
[WhiteElo "1949"]
[BlackElo "1812"]
[PlyCount "77"]
[EventDate "2001.04.13"]
[EventType "swiss"]
[EventRounds "7"]
[EventCountry "AUS"]
[SourceTitle "EXT 2002"]
[Source "ChessBase"]
[SourceDate "2001.11.25"]
[SourceVersion "1"]
[SourceVersionDate "2001.11.25"]
[SourceQuality "1"]

1. e4 c5 2. Nf3 e6 3. Be2 Nc6 4. c3 Nf6 5. d3 d6 6. 0-0 Be7 7. Nbd2 Bd7 8. Qc2 Rc8 9. Nc4 b5 10. Ne3 a5 11. a3 0-0 12. Bd2 Qb6 13. a4 b4 14. Nc4 Qb8 15. Bd1 d5 16. Ne3 Bd6 17. Re1 Ne5 18. Nxe5 Bxe5 19. Nf1 Bc6 20. g3 Bd6 21. f4 e5 22. fxe5 Bxe5 23. Bf3 dxe4 24. dxe4 Rcd8 25. Be3 b3 26. Qg2 Bd7 27. Rad1 Qc7 28. Bg5 h6 29. Bxf6 Bxf6 30. Ne3 Bc6 31. Qe2 Rxd1 32. Rxd1 Rd8 33. Qc4 Rxd1+ 34. Bxd1 Bg5 35. Qxc5 Qb7 36. Nd5 Bxd5 37. exd5 Bd8 38. Kg2 Bb6 39. Qc6 1-0